000
00295nam a2200109Ia 4500
008
190216s9999||||xx |||||||||||||| ||und||
100
_a
Michael Lipton
245
0
_a
Why Poor People Stay Poor A Study Of Urban Bias In World Development
260
_b
Heritage Pubs
650
_a
English
942
_c
BK
999
_c
9564
_d
9564